| 000 | 00388nam a22001337a 4500 | ||
|---|---|---|---|
| 008 | 230425b |||||||| |||| 00| 0 eng d | ||
| 040 |
_aNational Science Library _cNational Science Library |
||
| 080 |
_a528.716.2:551.46.09 _bQ1 |
||
| 100 | 1 |
_aVigunudelli, Stefano _97473 |
|
| 245 | _aCoastal altimetry | ||
| 260 |
_aNew York: _bSpringer, _c2011 |
||
| 300 | _axii, 565p. | ||
| 942 |
_2udc _cBK |
||
| 999 |
_c23432 _d23432 |
||